|
|
|
|
| LEADER |
01778nam a2200397 i 4500 |
| 001 |
EBC5150505 |
| 003 |
MiAaPQ |
| 005 |
20200520144314.0 |
| 006 |
m o d | |
| 007 |
cr cnu|||||||| |
| 008 |
171218t20172017gw a ob 000 0 ger d |
| 020 |
|
|
|z 9783961465224
|
| 020 |
|
|
|a 9783961460229
|q (electronic bk.)
|
| 035 |
|
|
|a (MiAaPQ)EBC5150505
|
| 035 |
|
|
|a (Au-PeEL)EBL5150505
|
| 035 |
|
|
|a (CaPaEBR)ebr11468066
|
| 035 |
|
|
|a (OCoLC)1012881794
|
| 040 |
|
|
|a MiAaPQ
|b eng
|e rda
|e pn
|c MiAaPQ
|d MiAaPQ
|
| 050 |
|
4 |
|a HF5549.5.R44
|b .V458 2017
|
| 082 |
0 |
|
|a 658.311
|2 23
|
| 100 |
1 |
|
|a Veith, Jessica,
|e author.
|
| 245 |
1 |
0 |
|a Azubi-Recruiting im "War for Talents" :
|b Herausforderungen und Losungsansatze fur mittelstandische Unternehmen /
|c Jessica Veith.
|
| 264 |
|
1 |
|a Hamburg, [Germany] :
|b Diplomatica Verlag,
|c 2017.
|
| 264 |
|
4 |
|c 2017
|
| 300 |
|
|
|a 1 online resource (131 pages) :
|b illustrations, tables
|
| 336 |
|
|
|a text
|2 rdacontent
|
| 337 |
|
|
|a computer
|2 rdamedia
|
| 338 |
|
|
|a online resource
|2 rdacarrier
|
| 504 |
|
|
|a Includes bibliographical references.
|
| 588 |
|
|
|a Description based on online resource; title from PDF title page (EBC, viewed December 18, 2017).
|
| 590 |
|
|
|a Electronic reproduction. Ann Arbor, MI : ProQuest, 2016. Available via World Wide Web. Access may be limited to ProQuest affiliated libraries.
|
| 650 |
|
0 |
|a Employees
|x Recruiting.
|
| 655 |
|
4 |
|a Electronic books.
|
| 776 |
0 |
8 |
|i Print version:
|a Veith, Jessica.
|t Azubi-Recruiting im "War for Talents" : Herausforderungen und Losungsansatze fur mittelstandische Unternehmen.
|d Hamburg, [Germany] : Diplomatica Verlag, c2017
|h 130 pages
|z 9783961465224
|
| 797 |
2 |
|
|a ProQuest (Firm)
|
| 856 |
4 |
0 |
|u https://ebookcentral.proquest.com/lib/matrademy/detail.action?docID=5150505
|z Click to View
|